Movies Quiz

Random Movies or Letter Quiz

'C' Movies by Picture Quiz Stats

 Plays Quiz Updated Jul 7, 2017

Challenge
Share
Tweet
Score 0/30 Timer 06:00
4 Plays Today
Grid Location Movie % Correct
4ECars
94.6%
1FCinderella
92.8%
3CCleopatra
77.9%
1BChicago
72.7%
5BClick
72.4%
4CCaddyshack
69.8%
1AA Christmas Story
68.4%
5ECasino Royale
64.1%
1DCarrie
58.4%
3BThe Corpse Bride
54.8%
3DCasino
52.8%
3FCasablanca
50.3%
2FCity Slickers
48.5%
3ECatch Me If You Can
48.1%
4ACabaret
44.7%
Grid Location Movie % Correct
2CThe Crow
43.2%
5DCaptain America
41.6%
2DClue
39.8%
4DA Clockwork Orange
37.1%
5AThe Creature from the Black Lagoon
37%
5CCollateral
34.1%
2EClash of the Titans
31.3%
5FCool Hand Luke
28.7%
4FCinderella Man
26.4%
1EChinatown
26.4%
3ACitizen Kane
26%
2ACape Fear
18.6%
2BCity of God
13%
1CCity Lights
12.5%
4BThe Conversation
10.3%

You're not logged in!

Compare scores with friends on all Sporcle quizzes.
OR
Log In

You Might Also Like...

Show Comments

Extras

Top Quizzes Today


Score Distribution

Your Account Isn't Verified!

In order to create a playlist on Sporcle, you need to verify the email address you used during registration. Go to your Sporcle Settings to finish the process.

Report this User

Report this user for behavior that violates our Community Guidelines.

Details: